Musical Acts by State - Delaware - Statistics

General Stats
  • This quiz has been taken 31 times
  • The average score is 3 of 30
Answer Stats
City/Town Songs Answer % Correct
Wilmington Bad To The Bone | One Bourbon, One Scotch, One Beer George Thorogood and the Destroyers
100%
Dewey Beach She Likes The Dead | Take Me Home, Country Roads Love Seed Mama Jump
13%
Newark Rookie | My Life In The Knife Trade BoySetsFire
8%
Dover Bugsy | No Maybelline Cypher Clique
8%
Milton Best Shot | Make Me Want To Jimmie Allen
8%
Milford You're Gonna Treat Me Right | Hot Hot Mama Jimmy Stayton
8%
Dover God's Got A Blessing (With My Name On It!) | Emmanuel Norman Hutchins
8%
Newark Quixotes Last Ride | Alone The Casting Out
8%
Newark Devil's Diary | Awake On Wednesday The Caulfields
8%
Bear Welcome To The Jungle | 302 Will Sheridan
8%
Smyrna Stealing Cinderella | Whole Damn Thing Chuck Wicks
4%
Wilmington Skip To My Lou | The Cat Came Back Cisco Houston
4%
Wilmington Joy Spring | Easy Living Clifford Brown
4%
Wilmington Separation Souvenir | Chlorine Tears Foreign Hands
4%
Newark This Is Just So Beautiful | One Eyed Cat Jenny & Tyler
4%
Newark To Bring Our Own End | Opportunist Joshua Fit for Battle
4%
Newark Caffeine Cops | Cool Cat Saves The Kids Khaki Cuffs
4%
Newark Bop Bop | Far Away Mean Lady
4%
Wilmington Morning | It's Crazy Sara Lazarus
4%
Smyrna My Baby Girl | Rehoboth Beach Sol Knopf
4%
Newark Speak To The Wind | Red Reflection Spindrift
4%
Rehoboth Beach Butterflies | Swerve Starrah
4%
Wilmington No One | Pretty And Ratchet Sukihana
4%
Wilmington Adventure Kids | Hiding Records (So Dangerous) Teen Men
4%
Newark Not Giving Up | Waiting (To Save Your Life) The Crash Motive
4%
Wilmington I'm For Things You Do | She Already Has Somebody The Enfields
4%
Wilmington Oh Mandy | Brown Boxes The Spinto Band
4%
New Castle Meltdown | The Maze Vinnie Moore
4%
Newark Fatal | Virtual Narcotic Year Of The Knife
4%
Newark Moonage Daydream | Empty Heart Zen Guerrilla
4%
No matching quizzes found
Score Distribution
Percent of People with Each Score
Percentile by Number Answered
Your Score History
You have not taken this quiz